| 000 | 00706na a2200241 4500 | ||
|---|---|---|---|
| 001 | 17361 | ||
| 003 | MIRAKIL | ||
| 005 | 20181213154902.0 | ||
| 008 | 161024b tu 000 0 | ||
| 020 | _a9753470304. | ||
| 040 |
_aMilas _btur _cTR-AnCHP |
||
| 041 | _atur | ||
| 082 |
_a345.0502632 _bC39 1999 |
||
| 090 | _a345.0502632 C39 1999 | ||
| 245 | _aCeza Muhakemeleri Usulü Kanunu ve diğer kanunlar | ||
| 250 | _a10. bs. | ||
| 260 |
_aAnkara _bSeçkin _c1999 |
||
| 300 |
_a413 s. _c14 sm. |
||
| 490 |
_aKanun Metinleri serisi _v3 |
||
| 650 |
_aCeza hukuku _xCeza muhakameleri usulü _yTürkiye _zKanunlar |
||
| 651 |
_aTürkiye _xCeza Muhakemeleri Usülü Kanunu (CMUK), 1929 |
||
| 942 |
_2ddc _cBKS |
||
| 999 |
_c2547 _d2547 |
||